Les stations du Métro de Paris dans l'ordre Grand Paris Express inclus - Statistiques

Statistiques générales
  • Ce quiz a été pris 7 fois
  • Le résultat moyen est 285 sur 470
Statistiques - réponses
Lignes Stations % Correct
4 Château d'Eau
83%
4 Château Rouge
83%
4 Châtelet
83%
4 Cité
83%
4 Denfert-Rochereau
83%
4 Barbara
83%
1 Esplanade de la Défense
83%
4 Étienne Marcel
83%
4 Gare de l'Est
83%
4 Gare du Nord
83%
1 La Défense
83%
4 Les Halles
83%
1 Les Sablons
83%
4 Mairie de Montrouge
83%
4 Montparnasse Bienvenüe
83%
4 Odéon
83%
1 Pont de Neuilly
83%
1 Porte Maillot
83%
4 Raspail
83%
4 Réaumur - Sébastopol
83%
4 Saint-Germain-des-Prés
83%
4 Saint-Michel
83%
4 Saint-Placide
83%
4 Saint-Sulpice
83%
4 Strasbourg - Saint-Denis
83%
4 Vavin
83%
12 Abbesses
67%
12 Aimé Césaire
67%
4 Alésia
67%
2 Alexandre Dumas
67%
9 Alma - Marceau
67%
3 Anatole France
67%
2 Anvers
67%
1 Argentine
67%
3 Arts et Métiers
67%
11 Arts et Métiers
67%
7 Aubervilliers - Pantin Quatre Chemins
67%
10 Avenue Émile Zola
67%
2 Avron
67%
4 Bagneux - Lucie Aubrac
67%
8 Balard
67%
2 Barbès - Rochechouart
67%
4 Barbès - Rochechouart
67%
1 Bastille
67%
5 Bastille
67%
8 Bastille
67%
6 Bel-Air
67%
2 Belleville
67%
11 Belleville
67%
1 Bérault
67%
6 Bercy
67%
9 Billancourt
67%
6 Bir-Hakeim - Tour Eiffel
67%
2 Blanche
67%
5 Bobigny - Pablo Picasso
67%
5 Bobigny - Pantin Raymond Queneau
67%
6 Boissière
67%
7bis Bolivar
67%
8 Bonne Nouvelle
67%
9 Bonne Nouvelle
67%
7bis Botzaris
67%
8 Boucicaut
67%
10 Boulogne Pont de Saint-Cloud
67%
10 Boulogne - Jean Jaurès
67%
3 Bourse
67%
5 Bréguet - Sabin
67%
7bis Buttes Chaumont
67%
9 Buzenval
67%
7 Cadet
67%
6 Cambronne
67%
5 Campo-Formio
67%
10 Cardinal Lemoine
67%
7 Censier - Daubenton
67%
1 Champs-Élysées Clemenceau
67%
10 Chardon-Lagache
67%
8 Charenton - Écoles
67%
1 Charles de Gaulle - Étoile
67%
2 Charles de Gaulle - Étoile
67%
6 Charles de Gaulle - Étoile
67%
10 Charles Michels
67%
9 Charonne
67%
1 Château de Vincennes
67%
7 Château-Landon
67%
1 Châtelet
67%
7 Châtelet
67%
11 Châtelet
67%
7 Chaussée d'Antin La Fayette
67%
8 Chemin Vert
67%
6 Chevaleret
67%
10 Cluny - La Sorbonne
67%
2 Colonel Fabien
67%
8 Commerce
67%
1 Concorde
67%
12 Convention
67%
7 Corentin Cariou
67%
12 Corentin Celton
67%
6 Corvisart
67%
2 Courcelles
67%
2 Couronnes
67%
8 Créteil - L'Échat
67%
8 Créteil - Préfecture
67%
8 Créteil - Université
67%
7 Crimée
67%
9 Croix de Chavaux
67%
7bis Danube
67%
6 Daumesnil
67%
8 Daumesnil
67%
6 Denfert-Rochereau
67%
6 Dugommier
67%
6 Dupleix
67%
10 Duroc
67%
8 École Militaire
67%
8 École Vétérinaire de Maisons-Alfort
67%
6 Edgar Quinet
67%
10 Église d'Auteuil
67%
5 Église de Pantin
67%
3 Europe
67%
9 Exelmans
67%
8 Faidherbe - Chaligny
67%
12 Falguière
67%
8 Félix Faure
67%
8 Filles du Calvaire
67%
7 Fort d'Aubervilliers
67%
1 Franklin D. Roosevelt
67%
9 Franklin D. Roosevelt
67%
12 Front Populaire
67%
3 Gallieni
67%
3 Gambetta
67%
3bis Gambetta
67%
5 Gare d'Austerlitz
67%
10 Gare d'Austerlitz
67%
5 Gare de l'Est
67%
7 Gare de l'Est
67%
1 Gare de Lyon
67%
5 Gare du Nord
67%
1 George V
67%
6 Glacière
67%
11 Goncourt
67%
8 Grands Boulevards
67%
9 Grands Boulevards
67%
3 Havre - Caumartin
67%
5 Hoche
67%
1 Hôtel de Ville
67%
11 Hôtel de Ville
67%
9 Iéna
67%
8 Invalides
67%
5 Jacques Bonsergent
67%
9 Jasmin
67%
2 Jaurès
67%
5 Jaurès
67%
7bis Jaurès
67%
10 Javel - André Citroën
67%
11 Jourdain
67%
12 Jules Joffrin
67%
7 Jussieu
67%
10 Jussieu
67%
6 Kléber
67%
2 La Chapelle
67%
7 La Courneuve 8 mai 1945
67%
12 Lamarck - Caulaincourt
67%
6 La Motte-Picquet Grenelle
67%
8 La Motte-Picquet Grenelle
67%
10 La Motte-Picquet Grenelle
67%
9 La Muette
67%
8 La Tour-Maubourg
67%
5 Laumière
67%
7 Le Kremlin-Bicêtre
67%
7 Le Peletier
67%
7 Les Gobelins
67%
8 Liberté
67%
7 Louis Blanc
67%
7bis Louis Blanc
67%
3 Louise Michel
67%
8 Lourmel
67%
1 Louvre-Rivoli
67%
10 Mabillon
67%
8 Madeleine
67%
12 Mairie d'Aubervilliers
67%
9 Mairie de Montreuil
67%
11 Mairie des Lilas
67%
12 Mairie d'Issy
67%
7 Mairie d'Ivry
67%
7 Maison Blanche
67%
8 Maisons-Alfort Les Juilliottes
67%
8 Maisons-Alfort - Stade
67%
3 Malesherbes
67%
9 Maraîchers
67%
4 Marcadet - Poissonniers
67%
12 Marcadet - Poissonniers
67%
9 Marcel Sembat
67%
12 Marx Dormoy
67%
10 Maubert - Mutualité
67%
2 Ménilmontant
67%
9 Michel-Ange - Auteuil
67%
10 Michel-Ange - Auteuil
67%
9 Michel-Ange - Molitor
67%
10 Michel-Ange - Molitor
67%
8 Michel Bizot
67%
10 Mirabeau
67%
9 Miromesnil
67%
2 Monceau
67%
8 Montgallet
67%
6 Montparnasse Bienvenüe
67%
12 Montparnasse Bienvenüe
67%
4 Mouton-Duvernet
67%
1 Nation
67%
2 Nation
67%
6 Nation
67%
9 Nation
67%
6 Nationale
67%
12 Notre-Dame-de-Lorette
67%
12 Notre-Dame-des-Champs
67%
5 Oberkampf
67%
9 Oberkampf
67%
10 Odéon
67%
7 Opéra
67%
8 Opéra
67%
5 Ourcq
67%
1 Palais Royal Musée du Louvre
67%
7 Palais Royal Musée du Louvre
67%
3 Parmentier
67%
6 Passy
67%
6 Pasteur
67%
12 Pasteur
67%
3bis Pelleport
67%
3 Pereire
67%
2 Père Lachaise
67%
3 Père Lachaise
67%
2 Philippe Auguste
67%
6 Picpus
67%
7 Pierre et Marie Curie
67%
2 Pigalle
67%
12 Pigalle
67%
2 Place de Clichy
67%
7bis Place des Fêtes
67%
11 Place des Fêtes
67%
5 Place d'Italie
67%
6 Place d'Italie
67%
7 Place d'Italie
67%
7 Place Monge
67%
8 Pointe du Lac
67%
7 Poissonnière
67%
3 Pont de Levallois - Bécon
67%
9 Pont de Sèvres
67%
7 Pont Marie
67%
7 Pont Neuf
67%
2 Porte Dauphine
67%
10 Porte d'Auteuil
67%
3 Porte de Bagnolet
67%
3 Porte de Champerret
67%
8 Porte de Charenton
67%
7 Porte de Choisy
67%
4 Porte de Clignancourt
67%
12 Porte de la Chapelle
67%
7 Porte de la Villette
67%
9 Porte de Montreuil
67%
5 Porte de Pantin
67%
9 Porte de Saint-Cloud
67%
3bis Porte des Lilas
67%
11 Porte des Lilas
67%
12 Porte de Versailles
67%
1 Porte de Vincennes
67%
7 Porte d'Italie
67%
7 Porte d'Ivry
67%
8 Porte Dorée
67%
4 Porte d'Orléans
67%
7bis Pré-Saint-Gervais
67%
7 Pyramides
67%
11 Pyrénées
67%
6 Quai de la Gare
67%
5 Quai de la Rapée
67%
3 Quatre-Septembre
67%
11 Rambuteau
67%
9 Ranelagh
67%
6 Raspail
67%
3 Réaumur - Sébastopol
67%
3 République
67%
5 République
67%
8 République
67%
9 République
67%
11 République
67%
1 Reuilly - Diderot
67%
5 Richard-Lenoir
67%
9 Richelieu-Drouot
67%
7 Riquet
67%
9 Robespierre
67%
2 Rome
67%
11 Rosny - Bois-Perrier
67%
9 Rue de la Pompe
67%
9 Rue des Boulets
67%
12 Rue du Bac
67%
3 Rue Saint-Maur
67%
9 Saint-Ambroise
67%
9 Saint-Augustin
67%
3bis Saint-Fargeau
67%
12 Saint-Georges
67%
6 Saint-Jacques
67%
3 Saint-Lazare
67%
12 Saint-Lazare
67%
1 Saint-Mandé
67%
5 Saint-Marcel
67%
1 Saint-Paul
67%
8 Saint-Sébastien - Froissart
67%
10 Ségur
67%
3 Sentier
67%
11 Serge Gainsbourg
67%
10 Sèvres - Babylone
67%
6 Sèvres - Lecourbe
67%
4 Simplon
67%
12 Solférino
67%
2 Stalingrad
67%
5 Stalingrad
67%
7 Stalingrad
67%
8 Strasbourg - Saint-Denis
67%
9 Strasbourg - Saint-Denis
67%
7 Sully - Morland
67%
11 Télégraphe
67%
3 Temple
67%
2 Ternes
67%
7 Tolbiac
67%
12 Trinité d'Estienne d'Orves
67%
6 Trocadéro
67%
9 Trocadéro
67%
1 Tuileries
67%
10 Vaneau
67%
12 Vaugirard
67%
2 Victor Hugo
67%
7 Villejuif Louis Aragon
67%
7 Villejuif Paul Vaillant-Couturier
67%
2 Villiers
67%
3 Villiers
67%
12 Volontaires
67%
3 Wagram
67%
14 Aéroport d'Orly
50%
18 Aéroport d'Orly
50%
15 Arcueil - Cachan
50%
12 Assemblée Nationale
50%
13 Basilique de Saint-Denis
50%
14 Bercy
50%
14 Bibliothèque François Mitterrand
50%
15 Bois-Colombes
50%
13 Brochant
50%
13 Carrefour Pleyel
50%
13 Champs-Élysées Clemenceau
50%
14 Châtelet
50%
13 Châtillon - Montrouge
50%
9 Chaussée d'Antin La Fayette
50%
18 Christ de Saclay
50%
8 Concorde
50%
12 Concorde
50%
11 Coteaux Beauclair
50%
14 Cour Saint-Émilion
50%
15 Nanterre La Boule
50%
15 Nanterre La Folie
50%
13 Duroc
50%
13 Gabriel Péri
50%
13 Gaîté
50%
14 Gare de Lyon
50%
13 Garibaldi
50%
13 Guy Môquet
50%
9 Havre - Caumartin
50%
13 Invalides
50%
15 La Défense
50%
11 La Dhuys
50%
13 La Fourche
50%
16 Le Bourget
50%
17 Le Bourget
50%
8 Ledru-Rollin
50%
17 Le Mesnil-Amelot
50%
13 Les Agnettes
50%
13 Les Courtilles
50%
14 L'Haÿ-les-Roses
50%
13 Liège
50%
12 Madeleine
50%
14 Madeleine
50%
13 Mairie de Clichy
50%
13 Mairie de Saint-Ouen
50%
14 Mairie de Saint-Ouen
50%
14 Maison Blanche
50%
13 Malakoff Plateau de Vanves
50%
13 Malakoff Rue Étienne Dolet
50%
18 Massy - Palaiseau
50%
13 Miromesnil
50%
13 Montparnasse Bienvenüe
50%
11 Montreuil - Hôpital
50%
15 Noisy - Champs
50%
16 Noisy - Champs
50%
14 Olympiades
50%
3 Opéra
50%
13 Pernety
50%
13 Plaisance
50%
14 Pont Cardinet
50%
15 Pont de Sèvres
50%
13 Porte de Clichy
50%
14 Porte de Clichy
50%
13 Porte de Saint-Ouen
50%
13 Porte de Vanves
50%
14 Pyramides
50%
12 Rennes
50%
8 Reuilly - Diderot
50%
8 Richelieu-Drouot
50%
11 Romainville - Carnot
50%
13 Saint-Denis Porte de Paris
50%
14 Saint-Denis Pleyel
50%
15 Saint-Denis Pleyel
50%
16 Saint-Denis Pleyel
50%
17 Saint-Denis Pleyel
50%
13 Saint-Denis - Université
50%
13 Saint-François-Xavier
50%
13 Saint-Lazare
50%
14 Saint-Lazare
50%
14 Saint-Ouen
50%
9 Saint-Philippe du Roule
50%
16 Sevran - Beaudottes
50%
16 Sevran - Livry
50%
12 Sèvres - Babylone
50%
13 Varenne
50%
18 Versailles - Chantiers
50%
7 Villejuif Léo Lagrange
50%
9 Voltaire
50%
16 Aulnay - Val Francilia
33%
15 Bagneux - Lucie Aubrac
33%
15 Bécon-les-Bruyères
33%
15 Bobigny - Pablo Picasso
33%
15 Bondy
33%
15 Champigny Centre
33%
15 Châtillon - Montrouge
33%
16 Chelles - Gournay
33%
14 Chevilly-Larue
33%
15 Clamart
33%
15 Créteil - L'Échat
33%
15 Nogent Le Perreux
33%
14 Villejuif Gustave Roussy
33%
15 Villejuif Gustave Roussy
33%
15 Villejuif Louis Aragon
33%
15 Villiers Champigny - Bry
33%
18 Guyancourt
33%
14 Hôpital Bicêtre
33%
15 Issy
33%
16 La Courneuve - Six Routes
33%
17 La Courneuve - Six Routes
33%
17 Le Bourget Aéroport
33%
15 Les Agnettes
33%
15 Les Ardoines
33%
15 Les Grésillons
33%
15 Le Vert de Maisons
33%
15 Mairie d'Aubervilliers
33%
15 Mairie de Vitry-sur-Seine
33%
18 Massy Opéra
33%
13 Place de Clichy
33%
18 Polytechnique
33%
15 Pont de Bondy
33%
15 Rosny - Bois-Perrier
33%
15 Saint-Cloud
33%
15 Saint-Maur - Créteil
33%
18 Satory
33%
15 Stade de France
33%
14 Thiais - Orly
33%
18 Université Paris-Saclay
33%
15 Val de Fontenay
33%
17 Aéroport Charles de Gaulle 2e gare
17%
17 Aéroport Charles de Gaulle 2 TGV
17%
18 Antonypole - Wissous Centre
17%
16 Clichy - Montfermeil
17%
15 Rueil Suresnes Mont-Valérien
17%
15 Drancy - Bobigny
17%
15 Fort d'Aubervilliers
17%
17 Gonesse
17%
17 Parc des Expositions
17%
16 Parc du Blanc-Mesnil
17%
Aucun quiz correspondant
Distribution des résultats
% des personnes avec chaque résultat
Percentile par nombre de réponses
Votre historique - résultats
Vous n’avez pas pris ce quiz